000 00550nam a2200133 a 4500
008 080512s2005 ||||||||||||||||| || u
050 _aIBRD(058)GMR
110 _aWorld Bank
245 1 0 _aGlobal monitoring report 2005: Millenium Development Goals: from consensus to momentum
260 _aWashington, D. C.
_bWorld Bank
_c2005
350 _a0.00
650 _aMILLENIUM DEVELOPMENT GOALS
995 _D0.00
_FCBU-MAIN LIBRARY (Kitwe)
_H1
_I0.00
_M1
_UAVAILABLE
_WMay 13, 2008
_ZInternational Publications
999 _c44690
_d44690